[Event "THA-chT"]
[Site "Bangkok"]
[Date "2015.12.12"]
[Round "7.4"]
[White "Abasolo, Krizza Lyn"]
[Black "Phaireekayard, Thanita"]
[Result "1/2-1/2"]
[WhiteElo "1830"]
[BlackElo "1340"]
[PlyCount "118"]
[EventDate "2015.12.04"]
[EventType "team-swiss"]
[EventRounds "9"]
[EventCountry "THA"]
[SourceTitle "CBM 170 Extra"]
[Source "ChessBase"]
[SourceDate "2016.02.25"]
[SourceVersion "1"]
[SourceVersionDate "2016.02.25"]
[SourceQuality "1"]
[WhiteTeam "Chonburi JCA"]
[BlackTeam "Chulalongkorn Univ"]
[WhiteTeamCountry "THA"]
[BlackTeamCountry "THA"]

1. d4 d5 2. Nf3 Nf6 3. e3 e6 4. Bd3 Be7 5. 0-0 0-0 6. Nbd2 Nbd7 7. b3 c6 8. Bb2 b5 9. Ne5 Nxe5 10. dxe5 Nd7 11. Qh5 g6 12. Qh6 Bg5 13. Qh3 b4 14. f4 Be7 15. Rf3 Kg7 16. Raf1 Nc5 17. e4 Nxd3 18. cxd3 d4 19. Rg3 Bh4 20. f5 Bxg3 21. f6+ Kh8 22. hxg3 Ba6 23. Qh6 Rg8 24. Kf2 Qf8 25. Qh3 h5 26. g4 Qh6 27. Rh1 Qxd2+ 28. Kg1 Qh6 29. gxh5 g5 30. g4 c5 31. Kf2 Rgd8 32. Rc1 Rdc8 33. Rc2 Bb5 34. Qf1 a5 35. Qe2 Rc7 36. Qd2 Qf8 37. Bc1 Qh6 38. Ke2 Rg8 39. Bb2 Rd8 40. Qc1 Rdc8 41. Qd2 Rg8 42. Qc1 Qf8 43. Kd2 Kh7 44. Qg1 Qd8 45. Qc1 Qd7 46. Ke2 Kh6 47. Qd2 Rgc8 48. Bc1 Rg8 49. Qe1 Rc6 50. Bd2 Qc7 51. Qg3 Qb8 52. Bc1 Qc7 53. Bb2 Qd7 54. Bc1 Qc7 55. Bd2 Qb8 56. Bc1 Qc7 57. Kf2 Qb7 58. Bd2 Qa6 59. Ke2 Qb7 1/2-1/2

[Event "THA-chT"]
[Site "Bangkok"]
[Date "2015.12.06"]
[Round "6.4"]
[White "Phaireekayard, Thanita"]
[Black "Chamsub, Saranporn"]
[Result "0-1"]
[WhiteElo "1340"]
[BlackElo "1361"]
[PlyCount "104"]
[EventDate "2015.12.04"]
[EventType "team-swiss"]
[EventRounds "9"]
[EventCountry "THA"]
[SourceTitle "CBM 170 Extra"]
[Source "ChessBase"]
[SourceDate "2016.02.25"]
[SourceVersion "1"]
[SourceVersionDate "2016.02.25"]
[SourceQuality "1"]
[WhiteTeam "Chulalongkorn Univ"]
[BlackTeam "Chonburi JCA II"]
[WhiteTeamCountry "THA"]
[BlackTeamCountry "THA"]

1. e4 e5 2. Nf3 Nc6 3. Bb5 Bc5 4. d3 d6 5. 0-0 Nf6 6. Nc3 h6 7. a3 Bg4 8. Bxc6+ bxc6 9. Qe2 0-0 10. Nd1 Rb8 11. b4 Bd4 12. Rb1 Bb6 13. Ne3 Be6 14. c4 a6 15. Bd2 Ba7 16. Nh4 Nxe4 17. Nhf5 Nxd2 18. Nxh6+ gxh6 19. Qxd2 Qg5 20. h3 Bxh3 21. Kh1 Be6 22. Qe2 Kh8 23. g3 Bxe3 24. Qxe3 Qxe3 25. fxe3 Kg7 26. Kg2 f5 27. Kf2 e4 28. Ke2 f4 29. exf4 exd3+ 30. Kxd3 Bf5+ 31. Kc3 Bxb1 32. Rxb1 Rfe8 33. Rg1 Re3+ 34. Kb2 a5 35. f5 axb4 36. a4 Ra8 37. Ra1 Rxg3 38. Kc2 Re8 39. Rd1 Re2+ 40. Rd2 Rxd2+ 41. Kxd2 Kf6 42. a5 Kxf5 43. Kc2 Ke4 44. Kb2 Kd4 45. a6 Ra3 46. a7 Rxa7 47. Kb3 c5 48. Kc2 Ra2+ 49. Kb3 Ra3+ 50. Kb2 Kd3 51. Kb1 Kc3 52. Kc1 Ra1# 0-1

[Event "THA-chT"]
[Site "Bangkok"]
[Date "2015.12.05"]
[Round "3.4"]
[White "Phaireekayard, Thanita"]
[Black "Rangkaew, Katunchalee"]
[Result "0-1"]
[WhiteElo "1340"]
[BlackElo "1431"]
[PlyCount "74"]
[EventDate "2015.12.04"]
[EventType "team-swiss"]
[EventRounds "9"]
[EventCountry "THA"]
[SourceTitle "EXT 2017"]
[Source "ChessBase"]
[SourceDate "2016.10.25"]
[SourceVersion "1"]
[SourceVersionDate "2016.10.25"]
[SourceQuality "1"]
[WhiteTeam "Chulalongkorn Univ"]
[BlackTeam "Assumption Association"]
[WhiteTeamCountry "THA"]
[BlackTeamCountry "THA"]

1. e4 e5 2. Nf3 Nc6 3. d3 d6 4. Be2 f5 5. 0-0 Nf6 6. Nbd2 Be7 7. Nb3 fxe4 8. Ng5 exd3 9. Bxd3 Bg4 10. f3 Bd7 11. Bc4 d5 12. Bxd5 Nxd5 13. Qxd5 Bxg5 14. f4 Bf6 15. fxe5 Nxe5 16. Bf4 c6 17. Qe4 Qe7 18. Rae1 Ng6 19. Qf3 Be6 20. c3 0-0 21. Rd1 Nxf4 22. Qxf4 Bxb3 23. axb3 Bxc3 24. Qc4+ Kh8 25. Qxc3 Rxf1+ 26. Rxf1 Re8 27. Re1 Qxe1+ 28. Qxe1 Rxe1+ 29. Kf2 Rb1 30. g4 Rxb2+ 31. Kg3 Rxb3+ 32. Kf4 Kg8 33. g5 Kf7 34. h4 Ke6 35. Kg4 Rb4+ 36. Kh5 Kf5 37. g6 hxg6# 0-1